LEADER 00804nam0 2200253 450 001 000021634 005 20090115150709.0 100 $a20090115d1966----km-y0itay50------ba 101 1 $aeng$cfre 102 $aGB 105 $ay-------001yy 200 1 $aElectrodynamics of plasmas$fR. Jancel and Th. Kahan 210 $aLondon [etc.]$cJohn Wiley & Sons$d1966 215 $aXV, 633 p.$c24 cm 500 10$aÉlectrodynamique des Plasmas$m$946582 610 1 $aElettrodinamica 676 $a537.6$v21$9Elettrodinamica e termoelettricità 700 1$aJancel,$bR.$013290 701 1$aKahan,$bTheo$0346557 801 0$aIT$bUNIPARTHENOPE$c20090115$gRICA$2UNIMARC 912 $a000021634 951 $aG 537.6/1$bG 613$cDSA$d2009 996 $aÉlectrodynamique des Plasmas$946582 997 $aUNIPARTHENOPE LEADER 00998nam2 2200301 450 001 000002798 005 20080619104256.0 010 $a88-453-0752-2 100 $a20010509d1995----km-y0itay50------ba 101 0 $aita 102 $aIT 200 1 $a2.$eelettromagnetismo e ottica$fGiorgio Ciucci, Giovanni Consolati 210 $a[Milano]$cEtaslibri$d1995$hstampa 2000 215 $aVol. 2: XIX, 367 p.$cill.$d22 cm 225 2 $aTutor$iSerie di chimica, fisica e biologia 303 $aIn cop.: Percorso di apprendimento guidato. Esercizi e teoria 303 $aIn cop.: 366 esercizi commentati e risolti 410 0$12001$aTutor 461 1$1001000002796$12001$aFisica generale$vvolume 2 610 1 $aFisica$aEsercizi 676 $a530.076 700 1$aCiucci,$bGiorgio$0287476 701 1$aConsolati,$bGiovanni$0340502 801 0$aIT$bUNIPARTHENOPE$gRICA$2UNIMARC 912 $a000002798 951 $cPIST$a530-F/33/II$b34337$d20010528 996 $a2$91223810 997 $aUNIPARTHENOPE